Normal view
MARC view
- Joyz, Mark
Entry Personal Name
001 - CONTROL NUMBER
- control field: 63283
003 - CONTROL NUMBER IDENTIFIER
- control field: NUST
005 - DATE AND TIME OF LATEST TRANSACTION
- control field: 20210628203107.0
008 - FIXED-LENGTH DATA ELEMENTS
- fixed length control field: 210628|| aca||aabn | a|a d
040 ## - CATALOGING SOURCE
- Original cataloging agency: NUST
- Transcribing agency: NUST
100 ## - HEADING--PERSONAL NAME
- Personal name: Joyz, Mark
670 ## - SOURCE DATA FOUND
- Source citation: Work cat.: (NUST): Joyz, Mark, Great formula, kam sa kam kosesh sa zada sa zada munafa ka asol mumkeen bana, 2007
